Join or Die - Statistics

General Stats
  • This quiz has been taken 13 times
  • The average score is 4 of 8
Answers on the Map
Answers color-coded by a green-red scale on the quiz's map according to % correct below.
 
Answer Stats
Answer % Correct
N.C.
67%
N.E.
67%
M.
50%
N.Y.
50%
P.
50%
V.
50%
N.J.
33%
S.C
33%
No matching quizzes found
Score Distribution
Percent of People with Each Score
Percentile by Number Answered
Your Score History
You have not taken this quiz